000
00297nam a2200121Ia 4500
008
190216s9999||||xx |||||||||||||| ||und||
100
_a
Krishnamoorthy Ev And Sen S K
245
0
_a
Numerical Algorithms
260
_b
East-West Press
_c
1986
300
_a
629p
650
_a
Mathematics
942
_c
BK
999
_c
31178
_d
31178